Albums studios de Zazie - Statistiques

Statistiques générales
  • Ce quiz a été pris 11 fois
  • Le résultat moyen est 10 sur 11
Statistiques - réponses
Année Album % Correct
2022 Aile-P
100%
2018 Essenciel
100%
2004 Rodéo
100%
2013 Cyclo
91%
1992 Je, tu, ils
91%
2001 La Zizanie
91%
2007 Totem
91%
1995 Zen
91%
2015 Encore heureux
82%
1998 Made in Love
82%
2010 Za7ie
82%
Aucun quiz correspondant
Distribution des résultats
% des personnes avec chaque résultat
Percentile par nombre de réponses
Votre historique - résultats
Vous n’avez pas pris ce quiz